Gminy w powiecie Olsztyńskim - Statystyki

Ogólne statystyki
  • Ten quiz został rozwiązany 70 razy
  • Średni wynik to 8 z 12
Statystyki odpowiedzi
Typ Odpowiedź % Poprawnych
miejsko-wiejska Barczewo
91%
wiejska Stawiguda
84%
miejsko-wiejska Olsztynek
82%
wiejska Dywity
78%
miejsko-wiejska Dobre Miasto
76%
miejsko-wiejska Biskupiec
75%
wiejska Gietrzwałd
75%
miejsko-wiejska Jeziorany
65%
wiejska Jonkowo
55%
wiejska Purda
55%
wiejska Świątki
31%
wiejska Kolno
25%
Nie znaleziono quizów pasujących do podanych kryteriów
Rozkład punktacji
Procent ludzi z każdym wynikiem
Percentyl według liczby udzielonych odpowiedzi
Twoja historia wyników
Nie rozwiązałeś tego quizu